000 00579nam a2200229Ia 4500
003 OSt
005 20220924150229.0
006 a|||||r|||| 00| 0
007 ta
008 220923b |||||||| |||| 00| 0 tel d
024 _a332438
037 _cTextual
040 _aARTS
_cARTS
_btel
041 _2tel
_atel
082 _aO35,1I50,1, N2.1.-2
100 _aPotana Au.
_9221612
245 0 _aBhagavatamu
260 _c1992
650 _aTELUGU LITERATURE
942 _hO35,1I50,1, N2.1.-2
_cTEXL
_2CC
999 _c462677
_d462677